|
|
|
|
| LEADER |
00000cam a2200000 7i4500 |
| 001 |
0000046328 |
| 005 |
20150324.0 |
| 008 |
24032015 |
| 020 |
|
|
|a 9673691012
|
| 020 |
|
|
|a 9789673691012
|
| 090 |
0 |
0 |
|a 808.02
|b BOB
|
| 100 |
1 |
|
|a Bobbi DePorter
|
| 245 |
1 |
0 |
|a Menjadi Penulis Hebat :
|b Langkah demi langkah
|c Bobbi DePorter ; penterjemah: Rawaida Kamarudin
|
| 260 |
|
|
|a Batu Caves :
|b PTS Professional Publishing Sdn. Bhd ,
|c 2011
|
| 650 |
|
0 |
|a Authorship
|x Techniques
|
| 650 |
|
0 |
|a Writing
|x Techniques
|
| 700 |
0 |
|
|a Rawaida Kamarudin
|
| 999 |
|
|
|a 0001223123
|b Book
|c Adult Collection
|e Cawangan Muar
|
| 999 |
|
|
|a 0001226113
|b Book
|c Adult Collection
|e Cawangan Tangkak
|
| 999 |
|
|
|a 0001226114
|b Book
|c Adult Collection
|e Cawangan Segamat
|
| 999 |
|
|
|a 0001226115
|b Book
|c Adult Collection
|e Cawangan Bukit Gambir
|
| 999 |
|
|
|a 0001226116
|b Book
|c Adult Collection
|e Cawangan Pontian
|
| 999 |
|
|
|a 0001226117
|b Book
|c Adult Collection
|e Cawangan Tmn. Ungku Tun Aminah
|
| 999 |
|
|
|a 0001226118
|b Book
|c Adult Collection
|e Cawangan Bandar Penawar
|
| 999 |
|
|
|a 0001226119
|b Book
|c Adult Collection
|e Cawangan Bandar Penawar
|
| 999 |
|
|
|a 0001226120
|b Book
|c Adult Collection
|e Cawangan Kota Tinggi
|
| 999 |
|
|
|a 0001226122
|b Book
|c Adult Collection
|e Cawangan Bandar Tenggara
|
| 999 |
|
|
|a 0001226123
|b Book
|c Adult Collection
|e Cawangan Muar
|
| 999 |
|
|
|a 0001226124
|b Book
|c Adult Collection
|e Cawangan Mersing
|